Public Management and Governance in Malaysia : Transformations and Trends
| Format: | Book |
|---|---|
| Language: | English |
| Published: |
London :
Routledge ,
2013
|
| Subjects: |
MARC
| LEADER | 00000cam a2200000 7i4500 | ||
|---|---|---|---|
| 001 | 0000112413 | ||
| 005 | 20150209.0 | ||
| 008 | 100526 eng | ||
| 020 | |a 9780415504287 | ||
| 090 | 0 | 0 | |a 351.595 PUB |
| 245 | 0 | 0 | |a Public Management and Governance in Malaysia : |b Transformations and Trends |c Edited by Noore Alam Siddique |
| 260 | |a London : |b Routledge , |c 2013 | ||
| 300 | |a xix, 266 pages : |b illustrations ; |c 24 cm. | ||
| 650 | 0 | 0 | |a Public administration |z Malaysia |
| 999 | |a 0000317146 |b Buku |c Koleksi Tuan Yang Terutama DiPertua Negeri Melaka |e Perbadanan Perpustakaan Awam Melaka | ||